Mediología: cultura, tecnología y comunicación

Enregistré dans:
Détails bibliographiques
Auteurs principaux: Pireddu, Mario (Auteur), Serra, Marcello (Auteur)
Format: Livre
Langue:espagnol
Publié: Barcelona Gedisa 2014
Édition:1a. ed
Collection:Comunicación, 54
Sujets:
Tags: Ajouter un tag
Pas de tags, Soyez le premier à ajouter un tag!

MARC

LEADER 00000cam a2200000 a 4500
001 UCC5885
003 CL-VaPUC
008 181109e20140000sp |||||||||||||||||spa|d
020 |a 9788497848756 
082 0 4 |a 302.23  |b PIR  |2 21 
100 0 |a Pireddu, Mario  |e author  |9 600312 
700 0 |a Serra, Marcello  |e author  |9 600313 
245 1 0 |a Mediología: cultura, tecnología y comunicación 
250 |a 1a. ed 
300 |a 236 p 
942 |c BK 
945 |d 20181109 15:19:00  |a dcastane 
260 |a Barcelona  |b Gedisa  |c 2014 
650 0 |a Medios de comunicación de masas  |9 257273 
650 7 |a INNOVACIONES TECNOLOGICAS  |2 CL-VaPUC  |9 600314 
650 0 |a Aspectos sociales  |9 254894 
583 |a last modification  |c 20181109 15:19:00  |k Rodrigo Vera 
490 0 |a Comunicación, 54 
999 |c 372993  |d 372991 
952 |0 0  |1 0  |3 erb  |4 0  |6 302_230000000000000_PIR_2014  |7 0  |8 A  |9 490904  |a BIBCUR  |b BIBCUR  |i 5512468  |l 4  |o 302.23 PIR 2014  |p 5512468  |r 2025-04-22  |s 2024-10-08  |w 2019-11-24  |y BK  |z Catalogado en:20181109  |k PER